El manual del escalador
Saved in:
| Hovedforfatter: | |
|---|---|
| Format: | Bog |
| Sprog: | spansk |
| Udgivet: |
Barcelona
Piadotribo
1998
|
| Fag: | |
| Tags: |
Tilføj Tag
Ingen Tags, Vær først til at tagge denne postø!
|
MARC
| LEADER | 00000nam a2200000 a 4500 | ||
|---|---|---|---|
| 001 | UCO0472 | ||
| 003 | CL-VaPUC | ||
| 008 | 000420e19980000SP |||||||||||||||||spa|d | ||
| 082 | 0 | 4 | |a 796.5223 |b HAT |2 21 |
| 100 | |a Hattingh, Garth |e author |9 552290 | ||
| 245 | 1 | 3 | |a El manual del escalador |
| 300 | |a 157 p | ||
| 942 | |c BK | ||
| 945 | |d 20000420 00:00:00 |a rbrito | ||
| 260 | |a Barcelona |b Piadotribo |c 1998 | ||
| 650 | 7 | |a DEPORTE DE MONTAÑA |2 CL-VaPUC |9 441771 | |
| 650 | 7 | |a MONTAÑISMO |2 CL-VaPUC |9 384709 | |
| 650 | 7 | |a ESCALAMIENTO |2 CL-VaPUC |9 441772 | |
| 650 | 0 | |a Deportes |9 224367 | |
| 583 | |a last modification |c 20000420 00:00:00 |k Rodrigo Vera | ||
| 999 | |c 287171 |d 287169 | ||
| 952 | |0 0 |1 0 |4 0 |6 796_522300000000000_HAT_1998 |7 0 |8 A |9 333630 |a BIBEDU |b BIBEDU |d 2019-11-20 |i 3608085 |l 2 |m 1 |o 796.5223 HAT 1998 |p 3608085 |r 2022-04-04 |s 2020-10-06 |w 2019-11-20 |y BK |k EFI | ||
| 952 | |0 0 |1 0 |4 0 |6 796_522300000000000_HAT_1998 |7 0 |8 A |9 333631 |a BIBEDU |b BIBEDU |d 2019-11-20 |i 3681165 |o 796.5223 HAT 1998 |p 3681165 |r 2019-11-20 |w 2019-11-20 |y BK |k EFI | ||